Simulácia autonómnych vozidiel vo virtuálnom prostredí

Na minha lista:
Detalhes bibliográficos
Autor principal: Špuro, Ján Jakub (Author)
Outros Autores: Laštinec, Ján (Thesis advisor)
Formato: Manuscrito Livro
Idioma:eslovaco
Publicado em: 2019
Assuntos:
Acesso em linha:http://is.stuba.sk/zp/portal_zp.pl?podrobnosti=145434
Tags: Adicionar Tag
Sem tags, seja o primeiro a adicionar uma tag!

MARC

LEADER 00000ntm a22000003a 4500
001 stuzp75031
003 SK-STU
005 20190622212816.0
007 ta
008 150427s2015----xo-----f-mn---000-0-slo-d
040 |a STU  |b slo 
041 0 |a slo 
100 1 |a Špuro, Ján Jakub  |u 070400  |k Z4  |4 aut  |U FIIT Fakulta informatiky a informačných technológií  |T FIIT Ústav počítačového inžinierstva a aplikovanej informatiky  |X 74266  |U I400  |Y 672  |7 74266 
242 0 1 |a Simulation of Autonomous Vehicles in Virtual Environment  |y eng 
245 1 0 |a Simulácia autonómnych vozidiel vo virtuálnom prostredí 
260 |c 2019 
650 4 |a simulácia  |2 slo 
650 4 |a virtuálne prostredie  |2 slo 
650 4 |a Udacity  |2 slo 
650 4 |a autonómne vozidlo  |2 slo 
650 4 |a simulation  |2 eng 
650 4 |a virtual environment  |2 eng 
650 4 |a Udacity  |2 eng 
650 4 |a autonomous vehicle  |2 eng 
700 1 |a Laštinec, Ján  |u 070300  |k Z3  |4 ths  |U FIIT Fakulta informatiky a informačných technológií  |T FIIT Ústav aplikovanej informatiky  |X 56214  |U I300  |Y 180  |7 A000056214 
856 4 |u http://is.stuba.sk/zp/portal_zp.pl?podrobnosti=145434